000 00524nam a2200205Ia 4500
003 GCL
008 140319s9999 xx 000 0 eng d
040 _aGCL /
_cGCL
082 0 4 _a841
_bGP
100 1 _aGAUBERT, SERGE
245 1 0 _aPOETES FRANCAIS DES XIX ET XX SIECLES /
_cGAUBERT, SERGE
700 1 _aLEUWERS, DANIEL
260 _a[S.N] :
_bLE LIVRE DE POCHE ،
_c1987
300 _a192
650 0 4 _aLITERATURE
650 0 4 _aPOETRY
650 0 4 _aFRENCH POETRY
650 0 4 _aFRENCH LITERATURE
942 _2ddc
_cBK
999 _c25372
_d25372